LEADER 01251nam a2200265 i 4500 001 000000222821 003 CaOOAMICUS 005 20241007164420.0 008 130926s2009 it u000 u ita u 013 $a201718 020 $a9788821566653 040 $aSeMil$bita 100 1 $aPedrini, Arnaldo,$c.$0(OLS)http://semarc/name/16600 245 10$aMadre M. Pierina De Micheli e il sacerdote :$briflessioni ascetico-mistiche desunte dalle Lettere e dalla Positio /$cArnaldo Vedrini [i.e. Pedrini]. 260 $aCinisello Balsamo :$bSan Paolo,$c2009. 300 $a37 p., [2] p. di tav. ;$c18 cm. 490 0 $aSanti e santuari ;$v45 600 14$aDe Micheli, Maria Pierina .$0(OLS)http://semarc/subject/17045 830 0$aSanti e santuari ;$v45.$0(OLS)http://semarc/title/39124 850 $aSeMil 852 $aSeMil$W1$xVenegono$y1$m5D VIII 11/39$j173167$B173167$CSeMilBibl$Z2$F183485 $81 996 $6020$a9788821566653$9(OLS)http://semarc/number/222499 996 $6245$aMadre M. Pierina De Micheli e il sacerdote :$briflessioni ascetico-mistiche desunte dalle Lettere e dalla Positio$9(OLS)http://semarc/title/319509 996 $6260$aCinisello Balsamo :$bSan Paolo$9(OLS)http://semarc/publisher/30129 LEADER 01054nam a2200277 i 4500 001 000000099661 003 CaOOAMICUS 005 20031001000000.0 008 031001n fr u000 u mul u 013 $a71813 020 $a2-204-04734-1 040 $aSeMil$bita 245 10$aTome 2. 490 0 $aSources Chrétiennes ;$vN°382 700 0 $aGregorius I,$c.$0(OLS)http://semarc/name/465 773 0 $aGregorius I, $tRègle pastorale.$dParis : Les Éditions du Cerf, 1992.$w()10061 830 0$aSources chrétiennes ;$vN°382.$0(OLS)http://semarc/title/72 850 $aSeMil 852 $aSeMil$W1$xVenegono$y1$mSL1.T VII 382$j57081$B57081$CSeMilBibl$Z2$F67172 $8I 900 0 $aGregorio : Magno$c. 900 0 $aGregorio I$c. 961 $aSottoscrizione: Cerf (Éditions) 996 $6020$a2-204-04734-1$9(OLS)http://semarc/number/79738 996 $6245$aTome 2$9(OLS)http://semarc/title/1533 LEADER 01422nam a2200265 i 4500 001 000000038011 003 CaOOAMICUS 005 20100901000000.0 008 100901s1972 it u000 u ita u 013 $a8416 040 $aSeMil$bita 100 1 $aGuardini, Romano,$d<1885-1968>.$0(OLS)http://semarc/name/3002 240 10$aJohanneische Botschaft Meditationen über Worte aus den Abschiedsreden und dem Ersten Johannes-Brief.$0(OLS)http://semarc/title/53484 245 13$aIl messaggio di San Giovanni :$bmeditazioni sui testi dei discorsi dell'addio e della prima lettera /$cRomano Guardini ; [trad. di Giuseppe Frumento]. 260 $aBrescia :$bMorcelliana,$c1972. 300 $a191 p. ;$c19 cm. 650 4$aBibbia - NT - Lettere di Giovanni.$0(OLS)http://semarc/subject/6016 650 4$aBibbia - NT - Giovanni, 13-16.$0(OLS)http://semarc/subject/5484 700 1 $aFrumento, Giuseppe.$0(OLS)http://semarc/name/18211 773 0 $aGuardini, Romano <1885-1968>$tOpere di Romano Guardini.$bEd. italiana.$dBrescia : Morcelliana, 1967.$g10$w()7536 850 $aSeMil 852 $aSeMil$W1$xVenegono$y1$m2RA I 20$j4166$B4166$CSeMilBibl$Z2$F4166 $81 961 $aOmaggio: Donazione 996 $6245$aIl messaggio di San Giovanni :$bmeditazioni sui testi dei discorsi dell'addio e della prima lettera$9(OLS)http://semarc/title/53483 996 $6260$aBrescia :$bMorcelliana$9(OLS)http://semarc/publisher/29629